FC Basel Kader Sommer 2025 - Statistiken

Allgemein
  • Dieses Quiz wurde 14 mal gespielt
  • Das Durchschnittsergebnis liegt bei 26 aus 34
Antwortstatistiken
Position Nummer Name % Korrekt
IV 26 Adrian Leon Barisic
100%
LV 31 Dominik Schmid
100%
IV 32 Jonas Adjetey
100%
GK 1 Marwin Hitz
100%
GK 13 Mirko Salvi
100%
LV 29 Moussa Cissé
100%
MS 23 Albian Ajeti
90%
LF 11 Bénie Traoré
90%
RV 6 Keigo Tsunemoto
90%
RV 27 Kevin Rüegg
90%
ZM 8 Koba Koindredi
90%
ZM 22 Léo Leroy
90%
LF 7 Philip Otele
90%
GK 47 Tim Pfeiffer
90%
GK 16 Tim Spycher
90%
OM 10 Xherdan Shaqiri
90%
DM 14 Andrej Bacanin
80%
IV 24 Flavius Daniliuc
80%
LF 21 Ibrahim Salah
80%
RF 9 Jeremy Agbonifo
80%
LF 39 Junior Zé
80%
RF 19 Marin Soticek
80%
IV 43 Marvin Akahomen
80%
ZM 5 Metinho
80%
IV 3 Nicolas Vouilloz
80%
IV 25 Finn Van Breemen
60%
MS 46 Kaio Eduardo
60%
Coach - Ludovic Magnin
60%
RF 40 Agon Rexhaj
50%
ZM 28 Dion Kacuri
50%
RF 33 Juan Carlos Gauto
50%
RV 42 Evann Senaya
30%
OM - Adriano Onyegbule
10%
MS 17 Moritz Broschinksi
10%
Keine übereinstimmenden Quizze gefunden
Verteilung der Resultate
Anzahl Personen mit jedem Resultat
Perzentil nach korrekt beantworteten Fragen
Ihre Resultats-Entwicklung
Sie haben dieses Quiz noch nicht gespielt